Responses for Show #7957 - Tuesday, March 26, 2019

Contestants

[<< previous game]

Emma Badame, a digital marketing manager from Toronto, Ontario, Canada

John Shortino, a software developer from Pittsburgh, Pennsylvania

Dave Scatena, a chemical engineer from San Francisco, California (whose 2-day cash winnings total $23,200)

[next game >>]

Jeopardy! Round responses

BABY'S FIRST INSTAGRAM
IT HAPPENED IN SOUTH AMERICA
ONE T, DOUBLE T
BIRTHPLACE OF A BRAND
(Alex: Name the state of origin.)
WE HOLD THESE TRUTHS
TO BE ELF-EVIDENT
    $200 3
Michael Phelps

Dave
    $200 1
the Inca

Dave
    $200 8
tattle

John
    $200 19
Florida

Dave
    $200 24
a barcode

Emma
    $200 13
Rice Krispies

Dave
    $400 4
Bachelor in Paradise

Triple Stumper
    $400 2
Argentina

Emma
    $400 9
etiquette

Emma
    $400 20
Ohio

Dave
    $400 25
(Emma: What is Canterbury?)
...
(Alex: Less than a minute now.)

Casper

Emma
Triple Stumper
    $400 14
(Emma: Who is Gandalf?)

Legolas

JohnEmma
    $600 18
Serena Williams

Dave
    $600 5
Butch Cassidy and the Sundance Kid

Emma
    $600 10
stutter

John
    $600 21
Louisiana

Dave
    $600 26
hydrogen and helium

Dave
    $600 15
the Keebler elves

Emma
    $800 29
[The end-of-round signal sounds.]

Ice-T

Dave
    $800 6
Colombia

Dave
    $800 11
Bartlett

John
    $2,000 22
(Dave: What is Indiana?)

Iowa

Dave
    $800 27
Larry

John
    $800 16
Dobby

Emma
    $1000 7
Christ the Redeemer

Dave
    $1000 12
to counterattack

Triple Stumper
    $1000 23
(Dave: What is Massachusetts?)

Minnesota

Dave
Triple Stumper
    $1000 28
knees

John
    $1000 17
Dungeons & Dragons

Emma

Scores at the first commercial break (after clue 15):

Dave John Emma
$2,400 $2,000 $1,600

Scores at the end of the Jeopardy! Round:

Dave John Emma
$2,600 $3,800 $3,200

Double Jeopardy! Round responses

THE LAST TIME I SAW ENGLAND
BODY LANGUAGE
BLUE MAN GROUP
LITERARY ANTAGONISTS
WORLD OF WARCRAFT
TALK NERDY
(Cara Santa Maria: It's time to [*] with me, Cara Santa Maria, the creator and host of the science podcast [*].)
    $400 4
John Lennon

John
    $400 17
foot

Emma
    $400 26
the Blues Brothers

John
    $400 9
Professor Moriarty

Emma
    $400 5
a spear

John
    $400 1
Lucy

Dave
    $800 8
the Mayflower

John
    $800 18
lip

Emma
    $800 27
Blues Traveler

Dave
    $800 10
Uncle Tom's Cabin

Emma
    $800 6
Egypt

Dave
    $1,000 2
(Dave: What is a meteor?)

asteroids

Dave
    $1200 12
the cliffs of Dover

John
    $1200 19
elbow

Dave
    $1200 28
Blue Oyster Cult

Dave
    $1,600 11
One Flew Over the Cuckoo's Nest

Emma
    $1200 7
a petard

Emma
    $1200 3
the retina

Triple Stumper
    $1600 13
Lord Byron

John
    $1600 20
bone

Dave
    $1600 29
(Dave: Who are the Blue Mountain Boys?)
...
[The end-of-round signal sounds.]

the Bluegrass Boys

DaveJohn
    $1600 15
Shere Khan

Emma
    $1600 22
(John: What is a ballista?)
(Emma: What is a catapult?)

a crossbow

DaveJohnEmma
    $1600 24
(Alex: Under a minute now.)

orangutan

John
    $2000 14
Lord Nelson

Emma
    $2000 21
loins

Emma
    $2000 16
Regan

Triple Stumper
    $2000 23
bushido

Triple Stumper
    $2000 25
(Alex: And our thanks to Cara for that category.)

Titan

Emma

Scores at the end of the Double Jeopardy! Round:

Dave John Emma
$7,600 $10,200 $14,400

[wagering suggestions for these scores]

Final Jeopardy! Round responses

19th CENTURY AMERICANS
(Alex: He served in Lincoln's Cabinet.)
DaveWho is Mackeral?
$7,600
JohnWho is Warren?
$5,100
EmmaWho is Seward?
$1,800
Salmon Chase

Final scores:

Dave John Emma
$0 $5,100 $12,600
3rd place: $1,000 2nd place: $2,000 New champion: $12,600

Game dynamics:

Coryat scores:

Dave John Emma
$10,600 $10,200 $14,000
18 R,
4 W
(including 2 DDs)
14 R,
1 W
17 R
(including 1 DD),
3 W

Combined Coryat: $34,800

[game clues] [game scores] [suggest correction]

Game tape date: 2019-02-04
The J! Archive is created by fans, for fans. Scraping, republication, monetization, and malicious use prohibited; this site may use cookies and collect identifying information. See terms. The Jeopardy! game show and all elements thereof, including but not limited to copyright and trademark thereto, are the property of Jeopardy Productions, Inc. and are protected under law. This website is not affiliated with, sponsored by, or operated by Jeopardy Productions, Inc. Join the discussion at JBoard.tv.